|
|
|
|
| LEADER |
00767nab a2200193 i 4500 |
| 001 |
misc4863 |
| 005 |
20191106142849.0 |
| 008 |
170607s1928 hu o 0|| hun d |
| 040 |
|
|
|a SZTE Miscellanea Repozitórium
|b hun
|
| 041 |
|
|
|a hun
|
| 100 |
1 |
|
|a Beck Salamon
|
| 245 |
1 |
4 |
|a Die Gesetzgebung gegen den unlauteren Wettbewerb
|h [elektronikus dokumentum] :
|b [könyvismertetés] /
|c Beck Salamon
|
| 260 |
|
|
|c 1928
|
| 300 |
|
|
|a 152-153a
|
| 490 |
0 |
|
|a Polgári jog : a hazai és külföldi magánjog és hiteljog szemléje
|v 4 No. 7
|
| 695 |
|
|
|a Jogtudomány szakirodalom könyvismertetés, Versenyjog könyvismertetés
|
| 700 |
0 |
1 |
|a Weissmann Artur Chr.
|
| 700 |
0 |
1 |
|a Walden Alfréd
|
| 856 |
4 |
0 |
|u http://misc.bibl.u-szeged.hu/4863/1/polgari_jog_1928_152-153a.pdf
|z Dokumentum-elérés
|